000
00403nam a22001337a 4500
003
SGT
020
_a
9789326354370
082
_a
301.2
_b
P16V
100
_a
वर्मा, विमलेश कांति
245
_a
प्रवासी भारतीय हिंदी साहित्य
260
_b
भारतीय ज्ञानपीठ
_c
2016
300
_a
511
942
_2
ddc
_c
BK
999
_c
29587
_d
29587